[Event "RUS Cup tt"]
[Site "Sochi"]
[Date "2024.12.03"]
[Round "7.23"]
[White "Zulpikarov, Ruslan"]
[Black "Neronov, Mark V"]
[Result "0-1"]
[WhiteElo "1918"]
[BlackElo "1966"]
[PlyCount "98"]
[EventDate "2024.11.27"]
[EventType "team-swiss"]
[EventRounds "7"]
[EventCountry "RUS"]
[SourceTitle "CB50_2024"]
[SourceDate "2024.11.01"]
[SourceVersion "1"]
[SourceVersionDate "2024.11.01"]
[SourceQuality "2"]
[WhiteTeam "Dagestan Youth"]
[BlackTeam "Krasnodarsk Region Youth"]
[WhiteTeamCountry "RUS"]
[BlackTeamCountry "RUS"]

1. e4 c6 2. d4 d5 3. e5 c5 4. c3 Nc6 5. Nf3 Bg4 6. dxc5 e6 7. Be3 Bxf3 8. Qxf3 Nxe5 9. Bb5+ Nc6 10. b4 Nf6 11. Nd2 Be7 12. 0-0 0-0 13. Rfd1 Qc7 14. Nb3 Ne5 15. Qh3 Ne4 16. Rac1 Bg5 17. f4 Bf6 18. fxe5 Bxe5 19. Bd3 f5 20. Nd4 Rf6 21. Nf3 Bf4 22. Bxf4 Qxf4 23. Bxe4 fxe4 24. Nd4 Qf2+ 25. Kh1 Raf8 26. g3 e5 27. Nc2 e3 28. Qg2 e2 29. Rg1 Qxg2+ 30. Kxg2 Rf2+ 31. Kh1 R8f6 32. Ne3 d4 33. cxd4 exd4 34. Ng4 d3 35. Nxf6+ gxf6 36. a3 d2 37. Ra1 Kf7 38. Rgb1 Rf3 39. Kg2 Rxa3 40. Rxa3 e1Q 41. Raa1 Qe2+ 42. Kh3 a6 43. Rf1 h5 44. Rab1 Kg6 45. Rg1 f5 46. Rgf1 f4 47. Rg1 f3 48. g4 f2 49. gxh5+ Kxh5 0-1

[Event "RUS Cup tt"]
[Site "Sochi"]
[Date "2024.11.28"]
[Round "2.19"]
[White "Petukhov, Dmitriy"]
[Black "Zulpikarov, Ruslan"]
[Result "1/2-1/2"]
[WhiteElo "2141"]
[BlackElo "1918"]
[PlyCount "83"]
[EventDate "2024.11.27"]
[EventType "team-swiss"]
[EventRounds "7"]
[EventCountry "RUS"]
[SourceTitle "CB50_2024"]
[SourceDate "2024.11.01"]
[SourceVersion "1"]
[SourceVersionDate "2024.11.01"]
[SourceQuality "2"]
[WhiteTeam "Primakov Gymnasium"]
[BlackTeam "Dagestan Youth"]
[WhiteTeamCountry "RUS"]
[BlackTeamCountry "RUS"]

1. d4 Nf6 2. Nf3 e6 3. g3 d5 4. Bg2 Be7 5. 0-0 0-0 6. c4 Nbd7 7. Qc2 Ne4 8. Nc3 Ndf6 9. Ne5 Nxc3 10. bxc3 c6 11. c5 Nd7 12. Nxd7 Bxd7 13. c4 b6 14. cxb6 axb6 15. e4 dxc4 16. Qxc4 c5 17. dxc5 Bxc5 18. Bb2 Qg5 19. e5 Ra4 20. Qd3 Rb4 21. Rfb1 Bb5 22. Qf3 Bc4 23. a3 Rb3 24. Bc3 Rxb1+ 25. Rxb1 Bxa3 26. Bd4 Bc5 27. Bxc5 bxc5 28. Qc3 Bd5 29. Bxd5 exd5 30. Rb5 d4 31. Qxc5 Rd8 32. Qc7 Rf8 33. Qd6 h5 34. Rd5 Re8 35. Qc5 Qd2 36. Kg2 Qd3 37. Rxd4 Qe2 38. Rd5 Qe4+ 39. f3 Qe2+ 40. Qf2 Rxe5 41. Rd2 Qxf2+ 42. Rxf2 1/2-1/2

[Event "Moscow op-A 17th"]
[Site "Moscow"]
[Date "2021.02.23"]
[Round "4"]
[White "Nakonechny, Ignat"]
[Black "Zulpikarov, Ruslan"]
[Result "1-0"]
[WhiteElo "2158"]
[BlackElo "1647"]
[PlyCount "77"]
[EventDate "2021.02.20"]
[EventType "swiss"]
[EventRounds "9"]
[EventCountry "RUS"]
[SourceTitle "CBM 200 Extra"]
[Source "ChessBase"]
[SourceDate "2021.03.31"]
[SourceVersion "1"]
[SourceVersionDate "2021.03.31"]
[SourceQuality "1"]

1. e4 e5 2. Nf3 Nc6 3. Bc4 Bc5 4. 0-0 Nf6 5. d3 d6 6. h3 Be6 7. Nc3 Bxc4 8. dxc4 Qd7 9. Bg5 h6 10. Bxf6 gxf6 11. Nd5 0-0-0 12. Nh4 Rhg8 13. Kh2 Qe6 14. Nf5 Rde8 15. c3 Nb8 16. b4 Bb6 17. a4 c6 18. Nxb6+ axb6 19. Nxd6+ Kc7 20. Nxe8+ Rxe8 21. Qe2 Nd7 22. a5 Nf8 23. axb6+ Kxb6 24. c5+ Kc7 25. b5 Ng6 26. b6+ Kd7 27. Rfd1+ Ke7 28. Rd6 Qc8 29. g3 h5 30. Qf3 h4 31. Qxf6+ Kf8 32. Rad1 Ne7 33. Qh6+ Kg8 34. gxh4 Ng6 35. Rxg6+ fxg6 36. Qxg6+ Kh8 37. Qh6+ Kg8 38. Rg1+ Kf7 39. Rg7+ 1-0

[Event "Moscow op-A 17th"]
[Site "Moscow"]
[Date "2021.02.22"]
[Round "3"]
[White "Zulpikarov, Ruslan"]
[Black "Lupolov, Boris"]
[Result "1/2-1/2"]
[WhiteElo "1647"]
[BlackElo "2045"]
[PlyCount "98"]
[EventDate "2021.02.20"]
[EventType "swiss"]
[EventRounds "9"]
[EventCountry "RUS"]
[SourceTitle "CBM 200 Extra"]
[Source "ChessBase"]
[SourceDate "2021.03.31"]
[SourceVersion "1"]
[SourceVersionDate "2021.03.31"]
[SourceQuality "1"]

1. e4 c6 2. d4 d5 3. exd5 cxd5 4. Nf3 Nc6 5. c3 Nf6 6. Bd3 Bg4 7. Bf4 e6 8. Qb3 Qc8 9. Nbd2 Be7 10. Ne5 Nxe5 11. dxe5 Nd7 12. Qc2 Bh5 13. Bg3 Bg6 14. 0-0 0-0 15. Bxg6 hxg6 16. f4 b5 17. Rf3 Qb7 18. Bf2 Rac8 19. h4 Rc7 20. Rh3 b4 21. Bd4 Rfc8 22. Rf1 Bc5 23. Qd1 bxc3 24. bxc3 Bxd4+ 25. cxd4 Qb2 26. Nb3 Rc3 27. Rxc3 Rxc3 28. Rf2 Qa3 29. h5 a5 30. hxg6 fxg6 31. Rc2 Rc4 32. Qc1 Qb4 33. Qd2 Qxd2 34. Rxd2 a4 35. Na5 Rb4 36. Kf2 Rb5 37. Nc6 Nb6 38. Rc2 Nc4 39. Ne7+ Kf7 40. Nc8 Rb4 41. a3 Nxa3 42. Nd6+ Ke7 43. Rc7+ Kd8 44. Rxg7 Rxd4 45. Rxg6 Kd7 46. Rg7+ Kc6 47. Rf7 Rd2+ 48. Kg3 Kc5 49. Rf8 Nc2 1/2-1/2

[Event "Moscow op-A 17th"]
[Site "Moscow"]
[Date "2021.02.21"]
[Round "2"]
[White "Mikhailovsky, Vladimir"]
[Black "Zulpikarov, Ruslan"]
[Result "1-0"]
[WhiteElo "2228"]
[BlackElo "1647"]
[PlyCount "65"]
[EventDate "2021.02.20"]
[EventType "swiss"]
[EventRounds "9"]
[EventCountry "RUS"]
[SourceTitle "CBM 200 Extra"]
[Source "ChessBase"]
[SourceDate "2021.03.31"]
[SourceVersion "1"]
[SourceVersionDate "2021.03.31"]
[SourceQuality "1"]

1. e4 e5 2. Nc3 Nc6 3. g3 Bc5 4. Bg2 d6 5. Na4 Bb6 6. Nxb6 axb6 7. Ne2 Nge7 8. d4 Bg4 9. f3 Bh5 10. g4 Bg6 11. f4 f6 12. f5 Bf7 13. d5 Nb8 14. c4 c6 15. Nc3 Nd7 16. Be3 h5 17. g5 g6 18. 0-0 gxf5 19. exf5 fxg5 20. Bxg5 Qc7 21. h4 b5 22. dxc6 bxc6 23. cxb5 Rb8 24. f6 Ng6 25. Bxc6 Rg8 26. Kh1 Kd8 27. Nd5 Qa7 28. Ne7 Kc7 29. Rc1 Nc5 30. b4 Qa3 31. bxc5 Qh3+ 32. Kg1 Nxh4 33. Qxd6# 1-0